00629nam a2200205Ia 450000500170000000800410001702000150005808200210007310000140009424500930010826000360020130000150023765000100025265000110026265000160027365000160028994200060030595200970031199900150040820250122034302.0240331s9999 xx 000 0 und d a8186706410 bDEM24576a305.4 aDe Mel, N 0aWomen and the Nation's Narrative:bGender and Nationalism in Twentieth Century Sri Lanka aNew DelhibKali for Womenc2001 ax, 293 p., aWomen aGender aColonialism aNationalism cL 001040708LaWERCLbWERCLcSSCd2024-03-31l0o 305.4 DEMp4576r2024-03-31w2024-03-31yL c1637d1637